000 01319nam0a2200325 4500
001 RU\NLR\BIBL_A\022223611
005 20260420005913.0
010 _a978-5-6050590-6-6
_9100
021 _aRU
_bКН-П-24-019933
_9КН-П-24-2082
035 _a(NLR Aleph) 022223611
090 _a13659023
_c13659023
100 _a20240516d2023 m y0rusy50 ca
101 0 _arus
102 _aRU
105 _aac z 010ay
181 0 _ai
_baxxe
182 0 _an
200 1 _aТаёжный оберег
_e[сборник]
_fВ. А. Квашин
203 _aТекст
_bвизуальный
_cнепосредственный
210 _aНижний Новгород
_cПечатная мастерская "Радонеж"
_d2023
215 _a156, [1] с.
_cил., цв. портр.
_d20
300 _aНа 3-й с.: К 25-летию творч. деятельности (1998–2023 гг.), поэта, писателя – охотоведа В. А. Квашнина
320 _aДругие кн. автора на 5-й с.
686 2 _aШ6(2=Р)8-44
700 1 _aКвашнин
_bВ. А.
_f1958-
_gВладимир Александрович
942 _cBOOK
980 _aNB